The divide between procedural and substantive unfairness (Record no. 64082)

MARC details
000 -LEADER
fixed length control field 00625cam a2200205 4500
001 - CONTROL NUMBER
control field X107195
008 - FIXED-LENGTH DATA ELEMENTS--GENERAL INFORMATION
fixed length control field 000000n2000 000 0 eng u
035 ## - SYSTEM CONTROL NUMBER
System control number (Sirsi) u107195
100 ## - MAIN ENTRY--PERSONAL NAME
Personal name Herling, D.
245 #4 - TITLE STATEMENT
Title The divide between procedural and substantive unfairness
260 ## - PUBLICATION, DISTRIBUTION, ETC.
Date of publication, distribution, etc. 2000
490 ## - SERIES STATEMENT
Series statement Journal of Planning and Environment Law
Volume/sequential designation July 2000, 666-677(13)
520 ## - SUMMARY, ETC.
Summary, etc. The article, with reference to case law, considers the issue of procedural and substantive unfairness.
650 ## - SUBJECT ADDED ENTRY--TOPICAL TERM
Topical term or geographic name entry element PROCEDURE
650 ## - SUBJECT ADDED ENTRY--TOPICAL TERM
Topical term or geographic name entry element FAIRNESS
650 ## - SUBJECT ADDED ENTRY--TOPICAL TERM
Topical term or geographic name entry element ADJOURNMENT
690 ## - LOCAL SUBJECT ADDED ENTRY--TOPICAL TERM (OCLC, RLIN)
Topical term or geographic name as entry element LAW
700 ## - ADDED ENTRY--PERSONAL NAME
Personal name Purdue, M.
942 ## - ADDED ENTRY ELEMENTS (KOHA)
Suppress in OPAC 0
Holdings
Withdrawn status Lost status Source of classification or shelving scheme Damaged status Not for loan Home library Current library Shelving location Date acquired Total Checkouts Full call number Barcode Date last seen Copy number Price effective from Koha item type
    Dewey Decimal Classification     London London Journal article 18/07/2000   X107195 107195-1001 06/08/2019 1 06/08/2019 Journal article